000 00805nam a2200205 i 4500
001 84333
003 ES-MaACL
005 20231227200023.0
007 t|
008 041122s1963 sp a |||| | spa d
245 0 4 _aLas nuevas drogas y métodos terapéuticos /
_cbajo la dirección de C. Jiménez Díaz ; con la colaboración de M. Aguirre... [et al.].
260 _aMadrid :
_bPaz Montalvo,
_c1963.
300 _a648 p. :
_bil ;
_c25 cm.
500 _aPrecede al tít.: Instituto de Investigaciones Clínicas y Médicas. Clínica de Nuestra Señora de la Concepción.
700 1 _aJiménez Díaz, Carlos,
_d1898-1967
_966515
700 1 _aAguirre, M.
_918837
710 2 _aInstituto de Investigaciones Clínicas y Médicas (Madrid)
_94968
852 _aES-MaACL
_jC-23446
999 _c84333
_d84333